02951nam a2200397 a 4500008004100000020001500041020002200056050001700078100002200095245009800117246007500215250001200290260003000302300001600332650002600348650002600374700002500400995012500425995012400550995012500674995012500799995012300924995012501047995012401172995012301296995012501419995012401544995012501668995012301793995012401916995012402040995012402164995012502288995012302413999001702536140806c20039999||||||||||||||||| || u a0072942444 a0072470267 (Text) aCD/HA 29 Bow aBowerman, Bruce L10aBusiness statistics in practice.-- 3rd ed.cBruce L. Bowerman, Richard T. O'Connellh[cd-rom] aStudent CD-ROM to accompany Business statistics in practice.-- 3rd ed. a3rd ed. aBostonbMcGraw-Hillc2003 a4 3/4inches 3aP0PULATION STATISTICS 0aCOMMERCIAL STATISTICS aO'Connell, Richard T ae-RESOURCESe20140149FCBU-MAIN LIBRARY (Kitwe)jCD/HA 29 BowM11UAVAILABLEWApr 21, 2016y20140149Ze-Media Collection ae-RESOURCESe20140185FCBU-MAIN LIBRARY (Kitwe)jCD/HA 29 BowM5UAVAILABLEWAug 27, 2014y20140185Ze-Media Collection ae-RESOURCESe20141118FCBU-MAIN LIBRARY (Kitwe)jCD/HA 29 BowM13UAVAILABLEWMay 10, 2016y20141118Ze-Media Collection ae-RESOURCESe20141143FCBU-MAIN LIBRARY (Kitwe)jCD/HA 29 BowM14UAVAILABLEWMay 12, 2016y20141143Ze-Media Collection ae-RESOURCESe20140086FCBU-MAIN LIBRARY (Kitwe)jCD/HA 29 BowM3UAVAILABLEWAug 6, 2014y20140086Ze-Media Collection ae-RESOURCESe20142277FCBU-MAIN LIBRARY (Kitwe)jCD/HA 29 BowM17UAVAILABLEWJul 26, 2016y20142277Ze-Media Collection ae-RESOURCESe20141163FCBU-MAIN LIBRARY (Kitwe)jCD/HA 29 BowM12UAVAILABLEWMay 5, 2016y20141163Ze-Media Collection ae-RESOURCESe20140087FCBU-MAIN LIBRARY (Kitwe)jCD/HA 29 BowM4UAVAILABLEWAug 7, 2014y20140087Ze-Media Collection ae-RESOURCESe20142027FCBU-MAIN LIBRARY (Kitwe)jCD/HA 29 BowM16UAVAILABLEWJun 28, 2016y20142027Ze-Media Collection ae-RESOURCESe20141149FCBU-MAIN LIBRARY (Kitwe)jCD/HA 29 BowM6UAVAILABLEWMar 29, 2016y20141149Ze-Media Collection ae-RESOURCESe20140159FCBU-MAIN LIBRARY (Kitwe)jCD/HA 29 BowM10UAVAILABLEWApr 21, 2016y20140159Ze-Media Collection ae-RESOURCESe20140085FCBU-MAIN LIBRARY (Kitwe)jCD/HA 29 BowM2UAVAILABLEWAug 6, 2014y20140085Ze-Media Collection ae-RESOURCESe20141150FCBU-MAIN LIBRARY (Kitwe)jCD/HA 29 BowM8UAVAILABLEWApr 21, 2016y20141150Ze-Media Collection ae-RESOURCESe20140172FCBU-MAIN LIBRARY (Kitwe)jCD/HA 29 BowM9UAVAILABLEWApr 21, 2016y20140172Ze-Media Collection ae-RESOURCESe20140205FCBU-MAIN LIBRARY (Kitwe)jCD/HA 29 BowM7UAVAILABLEWMar 29, 2016y20140205Ze-Media Collection ae-RESOURCESe20142085FCBU-MAIN LIBRARY (Kitwe)jCD/HA 29 BowM15UAVAILABLEWJun 23, 2016y20142085Ze-Media Collection ae-RESOURCESe20140084FCBU-MAIN LIBRARY (Kitwe)jCD/HA 29 BowM1UAVAILABLEWAug 6, 2014y20140084Ze-Media Collection c79072d79072